Statistics for Respiration-glycolysis

Click here to take the quiz!

General Stats

  • This quiz has been taken 29 times
  • The average score is 3 of 11

Answer Stats

Answer% Correct
Glucose
100%
Fructose-6-Phosphate
38%
Pyruvate
38%
Fructose-1,6-Bisphosphate
31%
Glucose-6-Phospate
31%
Dihydroxy-acetone phosphate
15%
Glyceraldehyde-3-Phosphate
15%
1,3-Bisphosphoglycerate
8%
2-Phosphoglycerate
8%
3-Phosphoglycerate
8%
Phosphoenylpyruvate
0%

Score Distribution

Percentile by Number Answered

Percent of People with Each Score

Your Score History

You have not taken this quiz